| 000 -LEADER |
| fixed length control field |
01830cam a22002417i 4500 |
| 003 - CONTROL NUMBER IDENTIFIER |
| control field |
OSt |
| 005 - DATE AND TIME OF LATEST TRANSACTION |
| control field |
20200521111116.0 |
| 008 - FIXED-LENGTH DATA ELEMENTS--GENERAL INFORMATION |
| fixed length control field |
180504s2017 vraace 000 0 eng d |
| 020 ## - INTERNATIONAL STANDARD BOOK NUMBER |
| International Standard Book Number |
9781864707540 (hardback) |
| 082 04 - DEWEY DECIMAL CLASSIFICATION NUMBER |
| Classification number |
720ARM |
| Edition number |
23 |
| 100 1# - MAIN ENTRY--PERSONAL NAME |
| Personal name |
Armon, Eliezer, |
| Relator term |
author. |
| 245 10 - TITLE STATEMENT |
| Title |
If architecture is a language, then a building is a story / |
| Statement of responsibility, etc |
Eliezer Armon ; chief photographer Uriel Messa. |
| 300 ## - PHYSICAL DESCRIPTION |
| Extent |
250 pages : |
| Other physical details |
illustrations (chiefly color), portraits, plans ; |
| Dimensions |
29 cm |
| 505 0# - FORMATTED CONTENTS NOTE |
| Formatted contents note |
Ministry of Agriculture & Rural Development, Negev District, Gilat farm, "The seed sprouts from the ground" -- Abraham's Well Visitors' Center, Beer-Sheva, "Go!" -- Yad Sara, Beer-Sheva, "Distress and Hope" -- Officers' School Synagogue, Mitzpe Ramon, "The Burning Bush" -- Holon-Wolfson Railway Station, Tel Aviv, "Wants to be a plane" -- Lehavim-Rahat Railway Station, "Lehavim in the Desert" -- Beer-Sheva Central Railway Station, "The Tree, the Well and the Bridge" -- Department of Public Works, Beer-Sheva, "The Shovel in front of the Camp" -- El-Zahara School, Lod, "On the Wardas Carpet" -- Omer Comprehensive School, "Around the courtyard" -- The Gymnastics Hall, Omer Comprehensive School, "The Wing" -- Culture Hall, Omer, "When the façade is playing" -- Ramot Sportive Community Center, Beer-Sheva, "All the world's a stage" -- Yod Alef Community Center, Beer-Sheva, "On disassembling and assembling" -- Kindergarten and Center for the Care of the Elderly, Meitar, "Infinity". |
| 600 10 - SUBJECT ADDED ENTRY--PERSONAL NAME |
| Personal name |
Armon, Eliezer |
| Form subdivision |
Catalogs. |
| 610 20 - SUBJECT ADDED ENTRY--CORPORATE NAME |
| Corporate name or jurisdiction name as entry element |
Armon Architecture and Town Planners, Ltd. |
| Form subdivision |
Catalogs. |
| 650 #0 - SUBJECT ADDED ENTRY--TOPICAL TERM |
| Topical term or geographic name as entry element |
Architecture |
| Form subdivision |
Poetry. |
| 650 #0 - SUBJECT ADDED ENTRY--TOPICAL TERM |
| Topical term or geographic name as entry element |
Public buildings |
| Geographic subdivision |
Israel. |
| 650 #0 - SUBJECT ADDED ENTRY--TOPICAL TERM |
| Topical term or geographic name as entry element |
Architectural design |
| Geographic subdivision |
Israel. |
| 650 #0 - SUBJECT ADDED ENTRY--TOPICAL TERM |
| Topical term or geographic name as entry element |
Religious architecture |
| Geographic subdivision |
Israel. |
| 700 1# - ADDED ENTRY--PERSONAL NAME |
| Personal name |
Messa, Uriel, |
| Relator term |
photographer. |
| 942 ## - ADDED ENTRY ELEMENTS (KOHA) |
| Source of classification or shelving scheme |
|